El kaleidoscopio. Crónicas del siglo XV

Saved in:
Bibliografiske detaljer
Hovedforfatter: Alledor, Fernán (Author)
Format: Bog
Sprog:spansk
Udgivet: Santiago Imprenta de P. Cadot 1882
Udgivelse:1a. ed
Fag:
Tags: Tilføj Tag
Ingen Tags, Vær først til at tagge denne postø!

MARC

LEADER 00000nam a2200000 a 4500
001 UCJ6303
003 CL-VaPUC
008 070124e18820000CL |||||||||||||||||spa|d
082 0 4 |a Ch863  |b ALL  |2 21 
100 0 |a Alledor, Fernán  |e author  |9 512777 
245 1 3 |a El kaleidoscopio. Crónicas del siglo XV 
246 1 3 |a El hijo del carbonero 
246 1 3 |a El asno de la marcha 
246 1 3 |a El alfarero 
246 1 3 |a El drama de la Petrella 
246 1 3 |a El bearnés 
246 1 0 |a Dos fechas: ochenta y nueve, noventa y tres 
246 1 0 |a Dos páginas de gloria 
246 1 0 |a La Esmeralda 
246 1 0 |a La Covadonga 
250 |a 1a. ed 
300 |a 202 p 
942 |c BK 
945 |d 20070124 00:00:00  |a rinostro 
260 |a Santiago  |b Imprenta de P. Cadot  |c 1882 
650 0 |a Narrativa  |9 336727 
650 7 |a CRONICAS  |2 CL-VaPUC  |9 336724 
650 0 |a Cuento  |9 316426 
650 0 |a Guerra del Pacífico  |9 314886 
583 |a last modification  |c 20070124 00:00:00  |k Rodrigo Vera 
999 |c 322411  |d 322409 
952 |0 0  |1 0  |4 0  |6 CH_863_000000000000000_ALL_1882  |7 0  |8 X  |9 401397  |a FDOBUD  |b FDOBUD  |d 2019-11-22  |i 1046543  |o Ch863 ALL 1882  |p 1046543  |r 2019-11-22  |w 2019-11-22  |y BK_X  |k BUD